00461nam a2200145 a 450000100100000000500170001000800410002704000250006808200160009310000310010924500550014026000620019530000210025750000370027800002763720200930031000.0110404s1986 dr 000 0 spa d aDO-SdBNPbspacBNPHU axxxxbC183d1 aCamilo González, Antonio10aDocumentos de Baní /cAntonio Camilo González. aBaní, República Dominicana :bEditora Andujar,c1986. a157 p. ;c21 cm. aLa biblioteca posee el volumen 1